000 01099nam a22003257i 4500
003 EG-GICUC
005 20260121101734.0
008 260118s1980 us ||||frb|| 00|1|||eng d
040 _aEG-GiCUC
_cEG-GiCUC
_dEG-GiCUC
_eRda
_beng
041 _aeng
082 0 4 _221
_a341.48
_bBI
092 0 4 _221
099 _aLaw1 11 341.48 BI 1980
245 0 0 _aBibliography Of International Humanitarian Law Applicable In Armed Conflicts /
_cInternational Committee of the Red Cross.
264 1 _aGeneva :
_bInternational Committee of the Red Cross,
_c1980.
300 _axxxix, 389 pages ;
_c24 cm.
336 _2rda contenu
_a texte
337 _2rda medias
_aOrdinateur
338 _2 transporteur rda
_a Ressource en ligne
500 _aIncludes index
504 _a
546 _aText in English
650 1 4 _ahumanitarian law
_xPublic international law
650 1 4 _aArmed Conflicts
710 2 _aInternational Committee of the Red Cross
710 2 _aInstitut Henry-Dunant
856 4 0 _uhttps://fll.law.cu.edu.eg/fulltext/bks/B11-06986.pdf
905 _a75
942 _2ddc
_cBK
_e21
_n0
999 _c57415
_d57415